Surnoms des personnages de Game of Thrones - Statistiques

Statistiques générales
  • Ce quiz a été pris 311 fois
  • Le résultat moyen est 24 sur 40
Statistiques - réponses
Surnom Personnage % Correct
La Mère des Dragons Daenerys Targaryen
94%
La Lionne Cersei Lannister
91%
Le Gnome Tyrion Lannister
91%
Le Jeune Loup Robb Stark
89%
Le Régicide Jaime Lannister
88%
Le Limier Sandor Clegane
87%
Le Prince qui fut promis Jon Snow
84%
La Femme Rouge Mélisandre d'Asshai
83%
Le Tardif Walder Frey
83%
Littlefinger Petyr Baelish
81%
L'Usurpateur Robert Baratheon
81%
L'Araignée Varys
81%
La Montagne Gregor Clegane
78%
La Guerrière Blonde Brienne de Torth
77%
Le Chevalier aux Fleurs Loras Tyrell
72%
Le Chevalier Oignon Davos Mervault
68%
Le Garçon Roi Tommen Baratheon
68%
Le Roi Fou Aerys II Targaryen
66%
Le Rompu Bran Stark
64%
L'Andal Jorah Mormont
63%
La Reine des Epines Olenna Tyrell
63%
Le Roi d'Au-Delà du Mur Mance Rayder
61%
La Vipère Rouge Oberyn Martell
58%
Le Vieil Ours Jeor Mormont
53%
Tourne casaque Theon Greyjoy
53%
Fléau d'Ogres Tormund
53%
L'Homme avec une queue magique Podrick Payne
45%
Fille du Vent de Mer Yara Greyjoy
44%
Le Silure Brynden Tully
39%
Le Roi sans couronne Tywin Lannister
38%
L'Epée du Matin Arthur Dayne
36%
Le Roi Mendiant Viserys Targaryen
36%
Taureau Gendry
35%
Le Prêtre Rouge Thoros de Myr
34%
L'Egorgeur Samwell Tarly
30%
L'Oeil de Choucas Euron Greyjoy
25%
Le Hardi Barristan Selmy
23%
Envahisseur du Nord Balon Greyjoy
22%
Seigneur aux titresronflants Bronn
21%
Seigneur La Foudre Béric Dondarrion
18%
Aucun quiz correspondant
Distribution des résultats
% des personnes avec chaque résultat
Percentile par nombre de réponses
Votre historique - résultats
Vous n’avez pas pris ce quiz